LDR 00795naa#a2200217#i#450# 001 EN\\bibl\122976 005 20260630062028.2 011 ## _a2077-7566 100 ## _a20260629b2026####ek#y0engy0150####ca 101 0# _aRUS 102 ## _aRU 200 1# _aFEATURES OF DENTISTRY ASSISTANCE TO PATIENTS WITH COMPLICATIONS ASSOCIATED WITH RADIATION THERAPY OF OROPHARYNGEAL TUMOURS _eJournal article 210 1# _aEkaterinburg _cTIRAZH Publishing House _d2026 215 ## _a7 с. 608 ## _aJournal article _2local 675 ## _aСтоматология. Заболевания ротовой полости и зубов. 616.31 _zRUS 700 #1 _aAdilkhanyan _gVladimir A. 700 #1 _aGumanyuk _gTatyana Vladimirovna 700 #1 _aNurieva _gNatalya S. 700 #1 _aAdilkhanyan _gAnaida V. 856 4# _adental-press.ru _u